01002nas a2200241Ia 4500001001100000003000900011008004100020040001300061040001300074041001300087100003800100210001600138222001600154245009900170250001100269260003900280501008600319300001000405310001600415362003300431500026000464650003600724R017/H7326IT-RoPAU151124c99999999xx |||||||||||| ||und|| aIT-RoPAU cIT-RoPAU aITALIANO aAA.VV. gCodice Aut. SPICS: 12000 aFILMCRITICA aFilmcritica aFILMCRITICA SCUOLA, ANNO 10-N.37 (APRILE 2007)bFilmcritica Scuola, Anno 10-N.37 (Aprile 2007) a1a ed. aMONTEPULCIANO (SI)bLE BALZEc2007 bPaulus - SPICS - Società San Paolo EM (non-commercial uses only)cCopyright2015 a16 p. aTRIMESTRALE aANNO 010, N.37 (APRILE 2007) aUna Lettera a Matteo di A.M. Ciai. Cinestoria: Melodramma di E. Bruno. Classic: Viale del Tramonto di B. Wilder a Cura di A. Cappabianca. Leggere Cinema: Walter Ruttman, Cantore della Fine del Mito Americano di L. Esposito. Fare Cinema: Direttore della Fo aCINEMAvPUBBLICAZIONE PERIODICA